| 000 | 00727cam a2200241 4500 | ||
|---|---|---|---|
| 001 | 318350 | ||
| 003 | PILC | ||
| 005 | 20150522155345.0 | ||
| 008 | 740919s1974 caua 000 0 eng | ||
| 010 | _a 74080508 | ||
| 040 |
_aDLC _cDLC _dDLC |
||
| 050 | 0 | 0 |
_aBF 637.S8 _b.R581 1974 |
| 082 | 0 | 0 | _a333.3/3 |
| 100 | 1 |
_aRinger, Robert J., _d1938- |
|
| 245 | 1 | 0 |
_aWinning through intimidation / _cRobert J. Ringer ; illustrations by Jack Medoff. |
| 260 |
_aConnecticut : _bA Fawcett Crest Book, _c1974. |
||
| 300 |
_a303 pages : _billustrations ; _c19 cm. |
||
| 650 | 0 | _aSuccess. | |
| 650 | 0 | _aIntimidation. | |
| 650 | 0 | _aReal estate business. | |
| 906 |
_a7 _bcbc _corignew _d2 _eopcn _f19 _gy-gencatlg |
||
| 942 |
_2lcc _cBK _kFOR |
||
| 999 |
_c284320 _d284320 |
||